Najdroższe transfery PSG - Statystyki

Ogólne statystyki
  • Ten quiz został rozwiązany 659 razy
  • Średni wynik to 9 z 15
Statystyki odpowiedzi
Kwota Sezon Narodowość Transfer z Pozycja Zawodnik % Poprawnych
222 mln € 2017/18 Brazylia FC Barcelona LS Neymar
100%
145 mln € 2018/19 Francja AS Monaco N Kylian Mbappe
99%
60 mln € 2021/22 Maroko Inter Mediolan PO Achraf Hakimi
90%
64,5 mln € 2013/14 Urugwaj SSC Napoli N Edinson Cavani
85%
63 mln € 2015/16 Argentyna Manchester United PS Angel Di Maria
84%
42 mln € 2012/13 Brazylia AC Milan ŚO Thiago Silva
74%
50 mln € 2020/21 Argentyna Inter Mediolan N Mauro Icardi
68%
49,5 mln € 2014/15 Brazylia Chelsea FC ŚO David Luiz
53%
36 mln € 2016/17 Niemcy VfL Wolfsburg LS Julian Draxler
46%
40 mln € 2018/19 Argentyna Zenit Saint Petersburg ŚPD Leandro Paredes
39%
40 mln € 2012/13 Brazylia FC Sao Paulo PP Lucas Moura
30%
37 mln € 2018/19 Niemcy FC Schalke 04 ŚO Thilo Kehrer
29%
42 mln € 2011/12 Argentyna US Palermo FC ŚPO Javier Pastore
27%
32 mln € 2019/20 Senegal / Francja Borussia Dortmund LO Abdou Diallo
15%
34,5 mln € 2000/01 Francja Real Madryt N Nicolas Anelka
13%
Nie znaleziono quizów pasujących do podanych kryteriów
Rozkład punktacji
Procent ludzi z każdym wynikiem
Percentyl według liczby udzielonych odpowiedzi
Twoja historia wyników
Nie rozwiązałeś tego quizu